Marine and Coastal Access Act 2009 (Record no. 110265)

MARC details
000 -LEADER
fixed length control field 01533cad a22002295a 4500
001 - CONTROL NUMBER
control field L148855
008 - FIXED-LENGTH DATA ELEMENTS--GENERAL INFORMATION
fixed length control field 091117e20091112xxk f lf000 0 eng d
035 ## - SYSTEM CONTROL NUMBER
System control number (Sirsi) u148855
041 0# - LANGUAGE CODE
Language code of text/sound track or separate title eng
050 04 - LIBRARY OF CONGRESS CALL NUMBER
Classification number 333.9164 $2 18
110 2# - MAIN ENTRY--CORPORATE NAME
Corporate name or jurisdiction name as entry element United Kingdom
Form subheading Laws, etc
9 (RLIN) 5044
245 00 - TITLE STATEMENT
Title Marine and Coastal Access Act 2009
Medium [electronic resource]
260 ## - PUBLICATION, DISTRIBUTION, ETC.
Place of publication, distribution, etc. London
Name of publisher, distributor, etc. OPSI
Date of publication, distribution, etc. 2009
505 2# - FORMATTED CONTENTS NOTE
Formatted contents note The Marine management organisation -- Exclusive Economic zone, UK marine area and Welsh zone -- Marine planning -- Marine licensing -- Nature conservation -- Management of inshore fisheries -- Fisheries -- Enforcement -- Coastal access -- Miscellaneous -- Supplementary provisions
520 ## - SUMMARY, ETC.
Summary, etc. Makes provision in relation to: marine functions and activities; migratory and freshwater fish; an English coastal walking route and rights of access to land near the English coast; the making of Assembly Measures for Welsh coastal routes for recreational journeys and rights of access near the Welsh coast; Natural England and the Country side Council for Wales; works detrimental to navigation; amending the Harbours Act 1964; and related purposes.
521 ## - TARGET AUDIENCE NOTE
Target audience note Advanced
651 #4 - SUBJECT ADDED ENTRY--GEOGRAPHIC NAME
Geographic name United Kingdom
Chronological subdivision
690 ## - LOCAL SUBJECT ADDED ENTRY--TOPICAL TERM (OCLC, RLIN)
Topical term or geographic name as entry element PROPERTY-RURAL AND NATURAL ASSETS-MARINE RESOURCES-MARINE RESOURCE MANAGEMENT
690 ## - LOCAL SUBJECT ADDED ENTRY--TOPICAL TERM (OCLC, RLIN)
Topical term or geographic name as entry element PROPERTY-RURAL AND NATURAL ASSETS-RURAL AND NATURAL ASSET MANAGEMENT-COASTAL MANAGEMENT
856 40 - ELECTRONIC LOCATION AND ACCESS
Uniform Resource Identifier <a href="https://www.opsi.gov.uk/acts/acts2009/ukpga_20090023_en_1">https://www.opsi.gov.uk/acts/acts2009/ukpga_20090023_en_1</a>
Public note View the Act free of charge at www.opsi.gov.uk...
942 ## - ADDED ENTRY ELEMENTS (KOHA)
Suppress in OPAC 0
Holdings
Withdrawn status Lost status Source of classification or shelving scheme Damaged status Not for loan Home library Current library Shelving location Date acquired Total Checkouts Full call number Barcode Date last seen Copy number Price effective from Koha item type
    Dewey Decimal Classification     Virtual Virtual Online 17/11/2009   ONLINE PUBLICATION 148855-2001 06/08/2019 1 06/08/2019 Book